Polskie Miasta na zdjęciach #1 - Statystyki

Ogólne statystyki
  • Ten quiz został rozwiązany 404 razy
  • Średni wynik to 7 z 16
Statystyki odpowiedzi
Obrazkowy Odpowiedź % Poprawnych
Poznań
83%
Zakopane
78%
Gdańsk
76%
Malbork
75%
Wrocław
58%
Toruń
52%
Zamość
52%
Kraków
46%
Szczecin
44%
Lublin
43%
Częstochowa
42%
Warsaw
37%
Gniezno
22%
Tarnów
17%
Grudziądz
14%
Kalisz
10%
Nie znaleziono quizów pasujących do podanych kryteriów
Rozkład punktacji
Procent ludzi z każdym wynikiem
Percentyl według liczby udzielonych odpowiedzi
Twoja historia wyników
Nie rozwiązałeś tego quizu